[Event "Heusenstamm Sparkassen op 11th"]
[Site "Heusenstamm"]
[Date "2024.11.24"]
[Round "7"]
[White "Feick, Claas Marten"]
[Black "Mueller, Maximilian3"]
[Result "0-1"]
[WhiteElo "1809"]
[BlackElo "2005"]
[PlyCount "84"]
[EventDate "2024.11.21"]
[EventType "swiss"]
[EventRounds "7"]
[EventCountry "GER"]
[SourceTitle "CB51_2024"]
[SourceDate "2024.12.18"]
[SourceVersion "1"]
[SourceVersionDate "2024.12.18"]
[SourceQuality "1"]

1. e4 e6 2. d4 d5 3. exd5 exd5 4. Bf4 Nc6 5. Nc3 Bb4 6. Nge2 Nge7 7. f3 Bf5 8. g4 Bg6 9. Qd2 Qd7 10. h4 h5 11. g5 Na5 12. Ng3 Nc4 13. Bxc4 dxc4 14. Kf2 0-0 15. Rad1 Rad8 16. Kg2 Nd5 17. Rc1 Nxf4+ 18. Qxf4 Bd6 19. Qd2 Bxg3 20. Kxg3 Qxd4 21. Qxd4 Rxd4 22. Nb5 Rd5 23. a4 c6 24. Na3 b5 25. axb5 cxb5 26. c3 a6 27. Nc2 Rd2 28. Rh2 Rfd8 29. Nd4 Rxh2 30. Kxh2 Rd6 31. f4 Bd3 32. Kg2 Kf8 33. Re1 f6 34. Re6 Rxe6 35. Nxe6+ Kf7 36. Nc5 fxg5 37. fxg5 a5 38. Kf3 Kg6 39. Nb7 a4 40. Nd6 b4 41. Nc8 a3 42. Ne7+ Kf7 0-1

[Event "Heusenstamm Sparkassen op 11th"]
[Site "Heusenstamm"]
[Date "2024.11.23"]
[Round "4"]
[White "Carrella, Adriano"]
[Black "Feick, Claas Marten"]
[Result "1-0"]
[WhiteElo "1922"]
[BlackElo "1809"]
[PlyCount "111"]
[EventDate "2024.11.21"]
[EventType "swiss"]
[EventRounds "7"]
[EventCountry "GER"]
[SourceTitle "CB51_2024"]
[SourceDate "2024.12.18"]
[SourceVersion "1"]
[SourceVersionDate "2024.12.18"]
[SourceQuality "1"]

1. e4 c6 2. d4 d5 3. exd5 cxd5 4. c4 Nf6 5. Nc3 e6 6. Nf3 Nc6 7. c5 Ne4 8. Bd3 Nxc3 9. bxc3 e5 10. Nxe5 Nxe5 11. Qe2 Qe7 12. dxe5 Qxc5 13. Bb5+ Bd7 14. Bxd7+ Kxd7 15. 0-0 Qc6 16. Rd1 Rd8 17. c4 Ke8 18. cxd5 Rxd5 19. Rxd5 Qxd5 20. Bg5 Be7 21. Rd1 Qc6 22. Qg4 Qe6 23. Qa4+ Kf8 24. Bxe7+ Qxe7 25. Rd7 Qxe5 26. Qb4+ Ke8 27. Rd1 Qc7 28. Re1+ Kd8 29. Qd4+ Kc8 30. Qxa7 Rd8 31. Qa8+ Kd7 32. Qa3 Kc8 33. Qa8+ Kd7 34. Qa4+ Qc6 35. Qf4 Qd6 36. Qxf7+ Kc8 37. Qxg7 Qd2 38. Qe5 Rd5 39. Qe8+ Rd8 40. Qe6+ Kb8 41. h4 Rf8 42. Qe5+ Ka8 43. Re2 Qd1+ 44. Kh2 Qd4 45. g3 Qa7 46. Qe3 Qa4 47. Qc5 Rd8 48. Re3 Kb8 49. Ra3 Qd1 50. Qa7+ Kc7 51. Rc3+ Kd6 52. Qb6+ Ke7 53. Re3+ Kf7 54. Qe6+ Kf8 55. Qf6+ Kg8 56. Re7 1-0

[Event "Main Vogelsberg op 17th"]
[Site "Waechtersbach"]
[Date "2023.10.02"]
[Round "6"]
[White "Schmitt, Clemens"]
[Black "Feick, Claas Marten"]
[Result "1-0"]
[WhiteElo "1731"]
[BlackElo "1520"]
[PlyCount "85"]
[EventDate "2023.09.30"]
[EventType "swiss"]
[EventRounds "7"]
[EventCountry "GER"]
[SourceTitle "EXT 2025"]
[Source "ChessBase"]
[SourceDate "2024.10.14"]
[SourceVersion "1"]
[SourceVersionDate "2024.10.14"]
[SourceQuality "1"]
[WhiteTeam "SV Bergwinkel"]
[BlackTeam "SF Neuberg"]

1. c4 e5 2. Nc3 Nf6 3. Nf3 Nc6 4. e3 d5 5. cxd5 Nxd5 6. Bb5 Nxc3 7. bxc3 e4 8. Nd4 Bd7 9. Nxc6 bxc6 10. Be2 Qg5 11. g3 Bd6 12. Qa4 Qf5 13. 0-0 h5 14. f3 exf3 15. Bxf3 Qc5 16. Qc2 0-0-0 17. Rb1 Bf5 18. Be4 Bxe4 19. Qxe4 f6 20. Qe6+ Rd7 21. Rf5 Be5 22. d4 Qd6 23. Qb3 Rdd8 24. dxe5 Qd1+ 25. Qxd1 Rxd1+ 26. Rf1 Rxf1+ 27. Kxf1 fxe5 28. e4 h4 29. g4 Rf8+ 30. Ke2 Rf7 31. Be3 a6 32. Rf1 Re7 33. Rf8+ Kb7 34. Rh8 a5 35. Rxh4 Ka6 36. Rh5 g6 37. Rh6 Rg7 38. h4 Kb5 39. Kd3 Rd7+ 40. Kc2 Rg7 41. Bg5 Kb6 42. Bf6 Rg8 43. Rh8 1-0

[Event "Main Vogelsberg op 17th"]
[Site "Waechtersbach"]
[Date "2023.09.30"]
[Round "1"]
[White "Feick, Claas Marten"]
[Black "Voellinger, Florian"]
[Result "0-1"]
[WhiteElo "1520"]
[BlackElo "1931"]
[PlyCount "80"]
[EventDate "2023.09.30"]
[EventType "swiss"]
[EventRounds "7"]
[EventCountry "GER"]
[SourceTitle "EXT 2025"]
[Source "ChessBase"]
[SourceDate "2024.10.14"]
[SourceVersion "1"]
[SourceVersionDate "2024.10.14"]
[SourceQuality "1"]
[WhiteTeam "SF Neuberg"]
[BlackTeam "SF Dettingen 1950"]

1. d4 d5 2. Nf3 Nf6 3. Bf4 Bf5 4. e3 e6 5. Nbd2 Nbd7 6. c3 Be7 7. h3 h6 8. Ne5 a6 9. Ndf3 c5 10. Nxd7 Nxd7 11. Ne5 0-0 12. g4 Bh7 13. Bd3 Bxd3 14. Qxd3 Rc8 15. Bg3 Nxe5 16. dxe5 f6 17. Bf4 fxe5 18. Bxe5 Bf6 19. Bg3 Bh4 20. Qg6 Rc6 21. Be5 Bf6 22. Bxf6 Rxf6 23. Qd3 Rd6 24. Rd1 Rf3 25. Ke2 Qf6 26. Rh2 e5 27. Qc2 b5 28. h4 e4 29. g5 Qe5 30. Rdh1 h5 31. Rh3 Qf5 32. R3h2 Kh7 33. Qd2 d4 34. Rg1 g6 35. Rgh1 Qd7 36. cxd4 cxd4 37. Rd1 d3+ 38. Kf1 Rc6 39. Qb4 Rc4 40. Qf8 Rxf8 0-1

[Event "Rhein Main op-B 25th"]
[Site "Bad Homburg"]
[Date "2023.06.10"]
[Round "6"]
[White "Feick, Claas Marten"]
[Black "Miyake Siqueira, Pedro Henrique"]
[Result "0-1"]
[WhiteElo "1570"]
[BlackElo "1705"]
[PlyCount "96"]
[EventDate "2023.06.07"]
[EventType "swiss"]
[EventRounds "7"]
[EventCountry "GER"]
[SourceTitle "CBM 215 Extra"]
[Source "ChessBase"]
[SourceDate "2023.09.30"]
[SourceVersion "1"]
[SourceVersionDate "2023.09.30"]
[SourceQuality "1"]

1. d4 Nf6 2. Bf4 c5 3. Nf3 cxd4 4. Bxb8 Rxb8 5. Qxd4 b6 6. Nc3 d6 7. e3 a6 8. Rd1 Bd7 9. Ne4 Qc7 10. Nxf6+ gxf6 11. Qc4 Qxc4 12. Bxc4 b5 13. Bb3 e5 14. Nd2 Bc6 15. e4 f5 16. Bd5 Bxd5 17. exd5 Bh6 18. Nb3 Kd7 19. Na5 Rhc8 20. Nc6 Rb6 21. b4 Rbxc6 22. dxc6+ Rxc6 23. 0-0 Rxc2 24. Rd3 Bg5 25. Ra3 Rc6 26. Rd1 Ke7 27. g3 Bf6 28. f3 h5 29. Kg2 d5 30. Kf2 e4 31. fxe4 fxe4 32. h4 Be5 33. Re3 f5 34. Re2 d4 35. Kg2 Rc3 36. Rg1 Rxg3+ 37. Kf2 d3 38. Ree1 Rxg1 39. Kxg1 Kd6 40. Kf2 Bd4+ 41. Kg3 Ke5 42. Kg2 Kf4 43. Rd1 Ke3 44. Kf1 d2 45. Rb1 Kd3 46. Rd1 e3 47. Rb1 e2+ 48. Kg2 e1Q 0-1

[Event "Main Vogelsberg op 16th"]
[Site "Waechtersbach"]
[Date "2022.10.03"]
[Round "6"]
[White "Guenther, Andreas1"]
[Black "Feick, Claas Marten"]
[Result "1-0"]
[WhiteElo "1887"]
[BlackElo "874"]
[PlyCount "115"]
[EventDate "2022.09.30"]
[EventType "swiss"]
[EventRounds "7"]
[EventCountry "GER"]
[SourceTitle "CBM 210 Extra"]
[Source "ChessBase"]
[SourceDate "2022.11.30"]
[SourceVersion "1"]
[SourceVersionDate "2022.11.30"]
[SourceQuality "1"]

1. Nf3 e6 2. d4 d5 3. c4 Nf6 4. Nc3 Be7 5. Bg5 0-0 6. e3 Nc6 7. Rc1 b6 8. cxd5 exd5 9. Bd3 g6 10. 0-0 Re8 11. a3 a5 12. Bb5 Bd7 13. Bxf6 Bxf6 14. Nxd5 Re6 15. Nxf6+ Rxf6 16. Re1 Nb8 17. Bxd7 Qxd7 18. Ne5 Qd6 19. Qg4 Re6 20. Qf3 Ra7 21. Qxf7+ Kh8 22. Qf4 Kg8 23. Qf7+ Kh8 24. f4 Qe7 25. Qxe7 Rxe7 26. Kf2 c5 27. dxc5 bxc5 28. Rxc5 Reb7 29. Re2 Kg7 30. Rec2 Nd7 31. Nxd7 Rxd7 32. Rb5 a4 33. Rb4 Rd6 34. Rcc4 g5 35. f5 Rd2+ 36. Kf3 h5 37. h3 Rf7 38. g4 h4 39. Rc6 Kh7 40. Rg6 Rg7 41. Rxg7+ Kxg7 42. Rb6 Rh2 43. Rg6+ Kf7 44. Rxg5 Rxh3+ 45. Kf4 Rh2 46. Rh5 Rf2+ 47. Kg5 Rxb2 48. Rxh4 Rb5 49. Rh7+ Kg8 50. Ra7 Rb3 51. Rxa4 Rxe3 52. Ra7 Rc3 53. Kg6 Rc8 54. a4 Rc6+ 55. f6 Rc8 56. a5 Kf8 57. a6 Ke8 58. Kg7 1-0